000 00459nmm a2200157Ia 4500
008 251105s9999||||xx |||||||||||||||||und||
020 _a9781558852150
041 _aeng
100 _aMeans Ybarra, Ricardo
245 0 _aBrotherhood of Dolphins
264 _a[Washington, Estados Unidos] :
_bArte Público Press,
_c2017
300 _a288 páginas
650 _aThriller & Suspense
856 _uhttps://public.digitaliapublishing.com/a/46165
942 _cCF
999 _c74670
_d74670